Namiesto jedného dvaja podpredsedovia

Bibliographic Details
Format: Article
Language:Slovak
Subjects:

MARC

LEADER 00000nab a2200000 ar4500
001 vtls010061363
003 SK-MaSNL
005 20260303051017.0
008 100205c2010 xo wr|p|||||||000 b|slo
038 |a PPPK 
040 |a PPPKCL  |b slo  |c PPPKCL  |e AACR2 
041 0 |a slo 
044 |a xo  |c SK 
080 |a 353.2:353.9  |2 2001 
245 0 0 |a Namiesto jedného dvaja podpredsedovia  |c [autor] (vfá) 
600 1 7 |a Danko, Anton,  |d 1959-  |2 pppkcl  |9 560151 
600 1 7 |a Ragan, Ján,  |d 1969-  |2 pppkcl  |9 1039205 
650 0 7 |a samosprávne kraje  |2 pppkcl  |9 58408 
650 0 7 |a podpredsedovia  |2 pppkcl  |9 886044 
651 7 |a Prešovský samosprávny kraj (Slovensko)  |2 pppkcl  |9 23301 
651 7 |a Poprad (Slovensko)  |2 pppkcl  |9 20155 
651 7 |a Vranov nad Topľou (Slovensko)  |2 pppkcl  |9 17494 
773 0 |t Podtatranské noviny  |g Roč. LI, č. 5 (2010), s. 2 
852 |a PPPK  |b KIS3GCP 
999 |c 1709959  |d 1711889